Alam Puisi

Bibliographic Details
Main Author: Siti Zainon Ismail
Format: Book
Published: Kuala Lumpur : Dewan Bahasa dan Pustaka , 1994
Subjects:

MARC

LEADER 00000cam a2200000 7i4500
001 0000093104
005 20231105154212.0
008
020 |a 9836240039 
041 |a Malay 
090 0 0 |a 899.231   |b SIT 
100 1 |a Siti Zainon Ismail 
245 0 0 |a Alam Puisi   |c Siti Zainon Ismail 
260 |a Kuala Lumpur :   |b Dewan Bahasa dan Pustaka ,   |c 1994 
300 |a 234p. :   |b ill.col. ;   |c 27.8cm. 
500 |a Adult 
650 0 |a Malay poetry 
999 |a 0000772012   |b Book   |c Adult Collection   |e Cawangan Bandar Penawar